| Tag |
First Indicator |
Second Indicator |
Subfields |
| LEADER |
00000cam a2200000 a 4500 |
| 001 |
in00000563003 |
| 005 |
20151014070901.0 |
| 008 |
831214c19841981nyua j 00110 eng |
| 010 |
|
|
|a 83026296
|
| 020 |
|
|
|a 002043040X (pbk.)
|
| 035 |
|
|
|a (OCoLC)10277617
|
| 035 |
|
|
|9 ACP0163AM
|
| 039 |
0 |
|
|a 2
|b 3
|c 3
|d 3
|e 3
|
| 040 |
|
|
|a DLC
|c DLC
|d TXA
|d UtOrBLW
|
| 049 |
|
|
|a [Curr Col] TXAM
|c [A09109531]
|
| 050 |
0 |
0 |
|a AY81.J8
|b E45 1984
|
| 082 |
0 |
|
|a 051
|2 19
|
| 100 |
1 |
|
|a Elwood, Ann.
|
| 245 |
1 |
0 |
|a Macmillan illustrated almanac for kids /
|c Ann Elwood, Carol Orsag, Sidney Solomon ; drawings, Lindsay Barrett.
|
| 264 |
|
1 |
|a New York :
|b Collier Books, Macmillan Pub. Co.,
|c 1984
|
| 264 |
|
4 |
|c ©1981
|
| 300 |
|
|
|a xvi, 429 pages :
|b illustrations ;
|c 24 cm.
|
| 336 |
|
|
|a text
|b txt
|2 rdacontent
|
| 337 |
|
|
|a unmediated
|b n
|2 rdamedia
|
| 338 |
|
|
|a volume
|b nc
|2 rdacarrier
|
| 500 |
|
|
|a Includes index.
|
| 520 |
|
|
|a A reference book with twelve chapters on subjects of particular interest to children : what kids think, problems, odd facts, law, people, body and mind, sports, money and work, animals, science, arts, and communication.
|
| 650 |
|
0 |
|a Almanacs, Children's.
|
| 650 |
|
1 |
|a Almanacs.
|
| 700 |
1 |
|
|a Madigan, Carol Orsag.
|
| 700 |
1 |
|
|a Solomon, Sidney.
|
| 710 |
2 |
|
|a Macmillan Publishing Company.
|
| 999 |
|
|
|a MARS
|
| 999 |
f |
f |
|s 0439f77f-252e-3508-a32f-8b4206c0442a
|i 8aed2dc9-5e66-31e5-a47d-7e3f15b9e6ab
|t 0
|
| 952 |
f |
f |
|p ric
|a Texas A&M University
|b Rellis Campus
|c Joint Library Facility
|d Remote Storage
|t 0
|e AY81.J8 E45 1984
|h Library of Congress classification
|i unmediated -- volume
|m A14809109531
|
| 998 |
f |
f |
|a AY81.J8 E45 1984
|t 0
|l Remote Storage
|